[Event "AUTO-INT-3511"]
[Site "http://www.queenalice.com/game.php?id=1603459"]
[Date "2020.3.21"]
[Round "1"]
[White "chessdalion"]
[Black "CERVERO"]
[Result "1-0"]
[WhiteElo "1517"]
[BlackElo "1804"]

1. e4 c5 2. Nf3 d6 3. d4 cxd4 4. Nxd4 Nc6 5. Nc3 e6 6. Bb5 Bd7 7. O-O a6 8. Nxc6
bxc6 9. Be2 Be7 10. Be3 Nf6 11. Qd3 O-O 12. Bg5 Qc7 13. Rfd1 Rab8 14. e5 dxe5
15. Bxf6 Bxf6 16. Qxd7 Rbc8 17. Qxc7 Rxc7 18. Bxa6 Ra7 19. Be2 Raa8 20. Bf3 Rac8
21. Ne4 Be7 22. Rd7 1-0

[Event "AUTO-INT-3511"]
[Site "http://www.queenalice.com/game.php?id=1603466"]
[Date "2020.3.21"]
[Round "1"]
[White "chessdalion"]
[Black "salvachess"]
[Result "1-0"]
[WhiteElo "1610"]
[BlackElo "1446"]

1. e4 e5 2. Nf3 d6 3. d4 a6 4. dxe5 Bg4 5. exd6 Bxf3 6. Qxf3 Qxd6 7. Bc4 Nc6 8.
Qxf7+ Kd8 9. O-O Qe7 10. Rd1+ Kc8 11. Be6+ Kb8 12. Qxe7 Bxe7 13. Rd7 Ne5 14. Rd5
Bf6 15. Bf4 Nc6 16. Rd7 g5 17. Bxc7+ Ka7 18. Nc3 Re8 19. Bxg8 Rexg8 20. Rad1 Bd8
21. Nd5 Bxc7 22. Rxc7 Rc8 23. Rxc8 Rxc8 24. Nf6 h6 25. Nh5 Rd8 26. Rxd8 Nxd8 27.
Ng7 Nc6 28. g3 Nd4 29. c3 Ne2+ 30. Kf1 Nc1 31. a3 Nd3 32. Ke2 Nc1+ 33. Kd1 Nb3
34. e5 Nc5 35. e6 Ne4 36. e7 Nd6 37. e8=Q Nxe8 38. Nxe8 Kb6 39. Ke2 Kc5 40. Ke3
Kc4 41. f4 Kb3 42. fxg5 hxg5 43. h4 gxh4 44. gxh4 Kxb2 45. h5 Kxc3 46. h6 b5 47.
h7 a5 48. h8=Q+ Kb3 49. Qa1 b4 50. Qb1+ Kxa3 51. Qa1+ Kb3 52. Kd2 a4 53. Qb1+
Kc4 54. Nd6+ Kc5 55. Ne4+ Kc4 56. Qd3# 1-0

[Event "AUTO-INT-3511"]
[Site "http://www.queenalice.com/game.php?id=1603467"]
[Date "2020.3.21"]
[Round "1"]
[White "salvachess"]
[Black "chessdalion"]
[Result "0-1"]
[WhiteElo "1484"]
[BlackElo "1572"]

1. e4 c5 2. Nf3 d6 3. h3 Nc6 4. Bb5 Bd7 5. Bxc6 Bxc6 6. d3 Nf6 7. Bg5 e6 8. Bxf6
Qxf6 9. c3 g6 10. O-O Bg7 11. Nbd2 O-O 12. b4 Qxc3 13. bxc5 Qxc5 14. Nc4 Bxa1
15. Qxa1 Bb5 16. Qc3 d5 17. exd5 exd5 18. d4 Qxc4 19. Qxc4 Bxc4 20. Ra1 Rfe8 21.
a4 Re2 22. Ne5 Ra2 23. Rxa2 Bxa2 24. Nd7 Kg7 25. f4 Rc8 26. Nc5 b6 27. Nd3 Rc4
28. Nb2 Rxd4 29. g3 Bb3 30. Kf2 Rd2+ 0-1

[Event "AUTO-OPEN-4152"]
[Site "http://www.queenalice.com/game.php?id=1604681"]
[Date "2020.3.28"]
[Round "1"]
[White "FM"]
[Black "chessdalion"]
[Result "1-0"]
[WhiteElo "2248"]
[BlackElo "1568"]

1. e4 c5 2. Nf3 d6 3. d4 cxd4 4. Qxd4 Nc6 5. Qa4 Nf6 6. Bc4 e6 7. Nc3 Be7 8. O-O
O-O 9. Re1 a6 10. a3 Bd7 11. Ba2 Ne5 12. Qb3 Nxf3+ 13. gxf3 b5 14. Kh1 Qb6 15.
Be3 Qb7 16. Rg1 Rac8 17. Rad1 Bc6 18. Qb4 d5 19. Qd4 Rfd8 20. Bh6 1-0

[Event "AUTO-OPEN-4152"]
[Site "http://www.queenalice.com/game.php?id=1604682"]
[Date "2020.3.28"]
[Round "1"]
[White "chessdalion"]
[Black "FM"]
[Result "0-1"]
[WhiteElo "1566"]
[BlackElo "2249"]

1. e4 e6 2. d4 d5 3. exd5 exd5 4. Nf3 h6 5. Nc3 Bb4 6. Bd2 Bg4 7. Be2 Ne7 8. O-O
O-O 9. a3 Ba5 10. b4 Bb6 11. Be3 Nf5 12. Qd3 Nxe3 13. Qxe3 Nc6 14. Rfd1 Re8 15.
Qf4 Bxf3 16. Qxf3 Bxd4 17. Bb5 Qh4 18. Bxc6 bxc6 19. Rab1 Be5 20. g3 Qc4 21. Rb3
Bf6 22. Qd3 a5 0-1

[Event "AUTO-OPEN-4152"]
[Site "http://www.queenalice.com/game.php?id=1604707"]
[Date "2020.3.28"]
[Round "1"]
[White "caradepau"]
[Black "chessdalion"]
[Result "1-0"]
[WhiteElo "1633"]
[BlackElo "1535"]

1. e4 c5 2. Bc4 e6 3. d3 Nc6 4. a3 d5 5. exd5 exd5 6. Ba2 Nf6 7. h3 Bd6 8. Nd2
O-O 9. Ngf3 Re8+ 10. Kf1 Bf5 11. g4 Bg6 12. a4 Re6 13. c3 Qe7 14. Bb1 Re8 15. d4
Ne4 16. Nxe4 dxe4 17. Ng5 Rf6 18. Be3 h6 19. Nxf7 Qxf7 20. dxc5 Bxc5 21. Bxc5
Qc4+ 22. Kg2 Qxc5 23. Qb3+ Kh7 24. Rf1 Na5 25. Qd1 Ref8 26. Qe2 e3 27. b4 Qxc3
28. Bxg6+ Rxg6 29. bxa5 Re8 30. f4 Qxa5 31. f5 Qd5+ 32. Kg3 Qe5+ 33. Kf3 Qe4+
34. Kg3 Ra6 35. Rf4 Qe5 36. Ra3 b5 37. h4 Rxa4 38. Rxa4 bxa4 39. g5 a3 40. Qh5
a2 41. Qg6+ 1-0

[Event "AUTO-OPEN-4152"]
[Site "http://www.queenalice.com/game.php?id=1604708"]
[Date "2020.3.28"]
[Round "1"]
[White "chessdalion"]
[Black "caradepau"]
[Result "0-1"]
[WhiteElo "1564"]
[BlackElo "1604"]

1. e4 e5 2. Nf3 Nc6 3. Bb5 Nge7 4. Nc3 a6 5. Bxc6 Nxc6 6. O-O Bc5 7. d3 h6 8. a3
d6 9. b4 Ba7 10. Nd5 O-O 11. c4 Be6 12. Nc3 Qf6 13. b5 axb5 14. Nxb5 Qd8 15.
Nxa7 Nxa7 16. Be3 Re8 17. d4 Bxc4 18. Re1 exd4 19. Qxd4 Be6 20. e5 Nc6 21. Qc3
dxe5 22. Nxe5 Nxe5 23. Qxe5 c6 24. Bd4 f6 25. Qe3 b5 0-1

[Event "AUTO-OPEN-4152"]
[Site "http://www.queenalice.com/game.php?id=1604725"]
[Date "2020.3.28"]
[Round "1"]
[White "chessdalion"]
[Black "dazzeechain"]
[Result "0-1"]
[WhiteElo "1614"]
[BlackElo "2032"]

1. d4 d5 2. c4 c6 3. Nf3 Bf5 4. Nc3 e6 5. e3 Bd6 6. Bd3 Nf6 7. cxd5 Bxd3 8. Qxd3
exd5 9. O-O Nbd7 10. b3 h6 11. Bb2 Qe7 12. Rfe1 O-O 13. a4 Rae8 14. Qe2 Ne4 15.
Nxe4 Qxe4 16. Ba3 Bxa3 17. Rxa3 Re7 18. b4 Nb6 19. a5 Nc4 20. Nd2 Nxd2 21. Qxd2
Rfe8 22. f3 Qg6 23. Qd3 Qg5 24. e4 dxe4 0-1

[Event "AUTO-OPEN-4152"]
[Site "http://www.queenalice.com/game.php?id=1604726"]
[Date "2020.3.28"]
[Round "1"]
[White "dazzeechain"]
[Black "chessdalion"]
[Result "1-0"]
[WhiteElo "2030"]
[BlackElo "1616"]

1. e4 c5 2. Nf3 d6 3. d4 cxd4 4. Nxd4 Nf6 5. Nc3 Nc6 6. Bb5 Bd7 7. Bg5 e6 8. O-O
Be7 9. Be3 O-O 10. Bxc6 bxc6 11. f4 e5 12. fxe5 dxe5 13. Nf3 Ng4 14. Qe2 Nxe3
15. Qxe3 f6 16. Rad1 Qc7 17. Qd3 Rfd8 18. Qc4+ Kh8 19. Nh4 Rf8 20. Nf5 Bxf5 21.
Rxf5 Rfd8 22. Rff1 Rxd1 23. Rxd1 Qb6+ 24. Kh1 1-0

[Event "AUTO-INT-3551"]
[Site "http://www.queenalice.com/game.php?id=1616489"]
[Date "2020.6.13"]
[Round "1"]
[White "papyrusmoon"]
[Black "chessdalion"]
[Result "0-1"]
[WhiteElo "1509"]
[BlackElo "1567"]

1. e4 c5 2. d4 cxd4 3. Qxd4 Nc6 4. Qd1 g6 5. Nc3 Bg7 6. Nf3 d6 7. Bb5 Bd7 8. O-O
Nf6 9. Bg5 O-O 10. Nd5 Nxd5 11. Qxd5 Bxb2 12. Rab1 Bg7 13. c3 Bxc3 14. Rbc1 Bg7
15. a4 h6 16. Bf4 a6 17. Bc4 Qa5 18. Qd1 Bg4 19. Rb1 Rab8 20. Be3 Bxf3 21. Qxf3
Qxa4 22. Bb3 Qa5 23. Ra1 Bxa1 24. Qf4 Bg7 25. Bd2 Qd8 26. Be3 Na5 27. Bd5 e6 28.
Ba2 Be5 29. Qxh6 Bg7 30. Qf4 Be5 31. Qg4 Rc8 32. Bg5 Bf6 33. Bh6 Re8 34. Be3 Rc2
35. Bb1 Rb2 36. Bd3 Qc7 37. Qf4 Be5 38. Qg4 Qc3 39. Be2 Qc2 40. Bd1 Qd3 41. Be2
Qxe2 42. Qh3 Nc4 43. Qh6 Nxe3 44. h3 Qxf1# 0-1

[Event "AUTO-INT-3551"]
[Site "http://www.queenalice.com/game.php?id=1616490"]
[Date "2020.6.13"]
[Round "1"]
[White "chessdalion"]
[Black "papyrusmoon"]
[Result "1-0"]
[WhiteElo "1606"]
[BlackElo "1516"]

1. e4 e5 2. Nf3 d5 3. Nxe5 Qe7 4. Nf3 Qxe4+ 5. Be2 Nc6 6. O-O Bc5 7. Re1 Qg4 8.
Bc4+ Be6 9. Bxd5 Nf6 10. Bxc6+ bxc6 11. Nc3 O-O 12. d4 Bd6 13. Bg5 Nd5 14. Nxd5
Bxd5 15. Be3 Bxf3 16. Qxf3 Qe6 17. Bf4 Qf5 18. Bxd6 Qxc2 19. Bxf8 Rxf8 20. Qe2
Qa4 21. Red1 Qb4 22. b3 c5 23. Qc4 Qa3 24. Qxc5 Qa6 25. Qxc7 Qe6 26. Qxa7 Qe2
27. Re1 Qg4 28. Qe7 Qxd4 29. Red1 Qc3 30. Rdc1 Qd4 31. Rab1 Qd2 32. Re1 Qxa2 33.
Ra1 Qxb3 34. Qxf8+ Kxf8 35. Ra8+ 1-0

[Event "AUTO-INT-3551"]
[Site "http://www.queenalice.com/game.php?id=1616503"]
[Date "2020.6.13"]
[Round "1"]
[White "ajr"]
[Black "chessdalion"]
[Result "1-0"]
[WhiteElo "1510"]
[BlackElo "1586"]

1. d4 Nf6 2. Nc3 d5 3. h3 e6 4. Bg5 Be7 5. Bxf6 Bxf6 6. e3 O-O 7. Nf3 Nd7 8. g4
c5 9. Qd3 c4 10. Qd2 b6 11. h4 h6 12. O-O-O Bb7 13. Bg2 e5 14. Nb5 e4 15. Ng1 a6
16. Nd6 Bc6 17. Nf5 g6 18. Nxh6+ Kg7 19. g5 Be7 20. Ne2 a5 21. c3 b5 22. Bh3 b4
23. Ng4 bxc3 24. Nxc3 1-0

[Event "AUTO-INT-3551"]
[Site "http://www.queenalice.com/game.php?id=1616504"]
[Date "2020.6.13"]
[Round "1"]
[White "chessdalion"]
[Black "ajr"]
[Result "1-0"]
[WhiteElo "1619"]
[BlackElo "1519"]

1. e4 c5 2. Nf3 a6 3. d4 d6 4. dxc5 Nc6 5. cxd6 Bg4 6. Be2 Bxf3 7. Bxf3 Qxd6 8.
Qxd6 exd6 9. O-O O-O-O 10. Nc3 Nf6 11. Bg5 1-0

[Event "AUTO-INT-3551"]
[Site "http://www.queenalice.com/game.php?id=1616513"]
[Date "2020.6.13"]
[Round "1"]
[White "chessdalion"]
[Black "marcoswerneck"]
[Result "0-1"]
[WhiteElo "1634"]
[BlackElo "1659"]

1. e4 e5 2. Nf3 d6 3. d4 exd4 4. Nxd4 Be7 5. Nc3 a6 6. Bc4 Nf6 7. O-O d5 8. exd5
O-O 9. Re1 Bd6 10. Bg5 b5 11. Bxf6 Qxf6 12. Be2 Bb7 13. a3 Nd7 0-1

[Event "AUTO-INT-3551"]
[Site "http://www.queenalice.com/game.php?id=1616514"]
[Date "2020.6.13"]
[Round "1"]
[White "marcoswerneck"]
[Black "chessdalion"]
[Result "1-0"]
[WhiteElo "1683"]
[BlackElo "1619"]

1. e4 c5 2. d3 Nc6 3. Nf3 d6 4. h3 Nf6 5. a3 e6 6. Nc3 Be7 7. Be2 O-O 8. Be3 b6
9. Qd2 Bb7 10. g4 h6 11. g5 hxg5 12. Bxg5 a6 13. h4 b5 14. h5 Nd4 15. h6 Nxf3+
16. Bxf3 1-0

[Event "AUTO-OPEN-4185"]
[Site "http://www.queenalice.com/game.php?id=1616592"]
[Date "2020.6.14"]
[Round "1"]
[White "clovis"]
[Black "chessdalion"]
[Result "1-0"]
[WhiteElo "2048"]
[BlackElo "1636"]

1. e4 c5 2. Nf3 d6 3. d4 cxd4 4. Nxd4 Nf6 5. Nc3 a6 6. Bd3 e6 7. O-O Be7 8. Kh1
O-O 9. f4 Nc6 10. Nxc6 bxc6 11. Qf3 Bb7 12. e5 dxe5 13. fxe5 Nd7 14. Bxh7+ 1-0

[Event "AUTO-OPEN-4185"]
[Site "http://www.queenalice.com/game.php?id=1616593"]
[Date "2020.6.14"]
[Round "1"]
[White "chessdalion"]
[Black "clovis"]
[Result "0-1"]
[WhiteElo "1638"]
[BlackElo "2072"]

1. e4 e5 2. Nf3 Nc6 3. Nc3 Nf6 4. Bb5 Bc5 5. O-O d6 6. d4 exd4 7. Bxc6+ bxc6 8.
Nxd4 O-O 9. Nxc6 Qe8 10. Nd4 Nxe4 11. Nxe4 Qxe4 12. Be3 Bb7 13. Qf3 Bxd4 0-1

[Event "AUTO-OPEN-4185"]
[Site "http://www.queenalice.com/game.php?id=1616618"]
[Date "2020.6.14"]
[Round "1"]
[White "Magogue"]
[Black "chessdalion"]
[Result "0-1"]
[WhiteElo "1313"]
[BlackElo "1635"]

1. g4 e5 2. d4 exd4 3. Qxd4 Nc6 4. Qe3+ Be7 5. Nf3 Nf6 6. g5 Nd5 7. Qe4 Nb6 8.
Bd2 d5 9. Qe3 Nc4 10. Qd3 Nxb2 11. Qc3 Na4 12. Qxg7 Rf8 13. Qxh7 Be6 14. h4 Qd7
15. c3 O-O-O 16. Qc2 Nb6 17. a4 Nc4 0-1

[Event "AUTO-OPEN-4185"]
[Site "http://www.queenalice.com/game.php?id=1616619"]
[Date "2020.6.14"]
[Round "1"]
[White "chessdalion"]
[Black "Magogue"]
[Result "1-0"]
[WhiteElo "1631"]
[BlackElo "1333"]

1. e4 e5 2. Nf3 Nc6 3. Nc3 Nf6 4. Bb5 a6 5. Bxc6 dxc6 6. Nxe5 Qd4 7. Nf3 Qd8 8.
O-O Bc5 9. d4 Ba7 10. Bg5 h6 11. Bxf6 Qxf6 12. Re1 O-O 13. e5 Qd8 14. a3 Bg4 15.
Re4 Bxf3 16. Qxf3 Bxd4 17. Rd1 1-0

[Event "AUTO-OPEN-4185"]
[Site "http://www.queenalice.com/game.php?id=1616636"]
[Date "2020.6.14"]
[Round "1"]
[White "chessdalion"]
[Black "rodrigofortes"]
[Result "0-1"]
[WhiteElo "1591"]
[BlackElo "1872"]

1. e4 e5 2. Nf3 d6 3. d4 exd4 4. Nxd4 Nf6 5. Nc3 b6 6. Bd3 c5 7. Nf3 g6 8. O-O
Bg7 9. Bg5 O-O 10. Re1 Bg4 11. h3 Be6 12. Bxf6 Bxf6 13. Qe2 Bxc3 14. bxc3 Nc6
15. Bb5 Qc7 16. Bxc6 Qxc6 17. Ng5 Rfe8 18. Qd3 c4 19. Qg3 h6 20. Nxe6 Rxe6 0-1

[Event "AUTO-OPEN-4185"]
[Site "http://www.queenalice.com/game.php?id=1616637"]
[Date "2020.6.14"]
[Round "1"]
[White "rodrigofortes"]
[Black "chessdalion"]
[Result "1-0"]
[WhiteElo "1867"]
[BlackElo "1596"]

1. e4 c5 2. Bc4 e6 3. e5 d5 4. exd6 Bxd6 5. Nc3 Nf6 6. Nf3 O-O 7. Nb5 Be7 8. d4
cxd4 9. Nbxd4 Nc6 10. Nxc6 Qxd1+ 11. Kxd1 bxc6 12. Ke2 Bb7 13. Be3 c5 14. Rhd1
Rfd8 15. Nd2 Bxg2 16. f3 Bh3 17. Bd3 Nd5 18. Be4 Nxe3 19. Kxe3 Rab8 20. Nb3 c4
21. Na5 1-0

[Event "AUTO-INT-3511"]
[Site "http://www.queenalice.com/game.php?id=1617089"]
[Date "2020.6.17"]
[Round "2"]
[White "ggteste1"]
[Black "chessdalion"]
[Result "0-1"]
[WhiteElo "1808"]
[BlackElo "1598"]

1. e4 c5 2. Nf3 d6 3. Bc4 e6 4. d4 cxd4 5. Qxd4 Nc6 6. Qc3 Nf6 7. Nbd2 Be7 8.
O-O O-O 9. e5 dxe5 10. Nxe5 Nxe5 11. Qxe5 Bd6 12. Qg5 Qc7 13. g3 h6 14. Qe3 Bc5
15. Qf3 Rb8 16. Ne4 Nxe4 17. Qxe4 Bd7 18. Bd3 f5 19. Bf4 fxe4 20. Bxc7 Rbc8 21.
Be5 Rf5 22. b4 Bxb4 23. Bxe4 Rxe5 24. Bxb7 Rxc2 25. a3 Bc5 26. Rfd1 Bxf2+ 27.
Kf1 Bb5+ 28. Kg2 Bb6+ 29. Kh3 Rh5+ 30. Kg4 Rhxh2 31. a4 Rc4+ 32. Kf3 Rf2# 0-1

[Event "AUTO-INT-3511"]
[Site "http://www.queenalice.com/game.php?id=1617090"]
[Date "2020.6.17"]
[Round "2"]
[White "chessdalion"]
[Black "ggteste1"]
[Result "0-1"]
[WhiteElo "1602"]
[BlackElo "1851"]

1. e4 e5 2. Nf3 Nc6 3. Nc3 Nf6 4. Bb5 Bc5 5. O-O O-O 6. Bxc6 bxc6 7. Nxe5 Bd4 8.
Nf3 Bxc3 9. bxc3 Nxe4 10. Re1 d5 11. Bb2 f5 12. Ne5 Qh4 13. g3 Qf6 14. Nf3 f4
15. d3 Ng5 16. Nxg5 Qxg5 17. Qe2 f3 0-1

[Event "AUTO-INT-3511"]
[Site "http://www.queenalice.com/game.php?id=1617093"]
[Date "2020.6.17"]
[Round "2"]
[White "SamuraiJOM"]
[Black "chessdalion"]
[Result "0-1"]
[WhiteElo "1608"]
[BlackElo "1581"]

1. e4 c5 2. Bc4 e6 3. Nf3 Nc6 4. c3 d5 5. exd5 exd5 6. Be2 Nf6 7. h3 Be7 8. d4
cxd4 9. cxd4 O-O 10. Bf4 Bd6 11. Ne5 Bb4+ 12. Kf1 Nxe5 13. Bxe5 Nd7 14. Nd2 Nxe5
15. dxe5 Re8 16. Nf3 Be6 17. a3 Bf8 18. Nd4 Bc8 19. Nf3 Be6 20. Ng5 Qxg5 21. Qd4
b6 22. Bg4 Bxg4 23. hxg4 Qxe5 24. Qd2 Re6 25. a4 Rae8 26. Rb1 Qe4 27. Ra1 Qe2+
28. Qxe2 Rxe2 29. b4 Bxb4 30. g3 Bc5 31. Rh2 R8e6 32. g5 Bb4 33. Kg2 Bc5 34. Kf3
R6e3+ 35. Kg4 Re4+ 36. Kh3 Rxf2 37. a5 Rxh2+ 38. Kxh2 bxa5 39. Rxa5 Rc4 40. Rb5
Rc2+ 41. Kh3 Kf8 42. Rb8+ Ke7 43. Rh8 d4 44. Rxh7 d3 45. Kg4 d2 46. Rh1 Rc1 0-1

[Event "AUTO-INT-3511"]
[Site "http://www.queenalice.com/game.php?id=1617094"]
[Date "2020.6.17"]
[Round "2"]
[White "chessdalion"]
[Black "SamuraiJOM"]
[Result "0-1"]
[WhiteElo "1618"]
[BlackElo "1623"]

1. e4 e5 2. Nf3 Nc6 3. Nc3 Bc5 4. Bb5 a6 5. Bxc6 dxc6 6. O-O h6 7. Nxe5 Nf6 8.
d3 Be6 9. b3 O-O 10. Bb2 Bd4 11. Nf3 Ba7 12. e5 Nd5 13. Nxd5 Bxd5 14. c4 Be6 15.
Qe2 c5 16. Rfd1 a5 17. Bc3 b6 18. d4 Qe7 19. d5 Bf5 20. Bd2 Bg4 21. Bf4 g5 22.
d6 cxd6 23. Bg3 dxe5 24. Qxe5 Qxe5 25. Bxe5 Bb8 26. Bxb8 Raxb8 27. h3 Bf5 0-1